Text book of hydraulic machines (Record no. 10732)

000 -LEADER
fixed length control field 00441nam a22001817a 4500
001 - CONTROL NUMBER
control field 10732
003 - CONTROL NUMBER IDENTIFIER
control field BD-DhUET
008 - FIXED-LENGTH DATA ELEMENTS--GENERAL INFORMATION
fixed length control field 150209b xxu||||| |||| 00| 0 eng d
040 ## - CATALOGING SOURCE
Transcribing agency 0
Modifying agency BD-DhUET
082 ## - DEWEY DECIMAL CLASSIFICATION NUMBER
Classification number 621.2
Item number KHU/1985
100 ## - MAIN ENTRY--PERSONAL NAME
Personal name Khurmi, R. S.
245 ## - TITLE STATEMENT
Title Text book of hydraulic machines
250 ## - EDITION STATEMENT
Edition statement 14th ed.
260 ## - PUBLICATION, DISTRIBUTION, ETC. (IMPRINT)
Place of publication, distribution, etc. New Delhi
Name of publisher, distributor, etc. S. Chand
Date of publication, distribution, etc. 1985
300 ## - PHYSICAL DESCRIPTION
Extent vii, v.p.
Other physical details ill.
650 #0 - SUBJECT ADDED ENTRY--TOPICAL TERM
Topical term or geographic name as entry element Hydraulic Machines
942 ## - ADDED ENTRY ELEMENTS (KOHA)
Koha item type General Book
Holdings
Sublocation or collection (holding branch) Source of classification or shelving scheme Location (home branch) Not for loan Koha normalized classification for sorting Lost status Price effective from Koha item type Damaged status Withdrawn status Piece designation (barcode) Koha date last seen Date acquired Koha full call number Shelving location Copy number
Central Library, BUET Central Library, BUET 621_200000000000000_KHU_1985 2015-02-09General Book  641292015-02-092015-02-09621.2/KHU/1985Circulation section1
Central Library, BUET Central Library, BUET 621_200000000000000_KHU_1985 2015-02-09General Book  641542015-02-092015-02-09621.2/KHU/1985Circulation section2
Central Library, BUET Central Library, BUET 621_200000000000000_KHU_1985 2015-02-09General Book  641422015-02-092015-02-09621.2/KHU/1985Circulation section3
Central Library, BUET Central Library, BUET 621_200000000000000_KHU_1985 2015-02-09General Book  566852015-02-092015-02-09621.2/KHU/1985Circulation section4
Central Library, BUET Central Library, BUET 621_200000000000000_KHU_1985 2015-02-09General Book  641552015-06-222015-02-09621.2/KHU/1985Circulation section5
Central Library, BUET Central Library, BUET 621_200000000000000_KHU_1985 2015-02-09General Book  641322015-02-092015-02-09621.2/KHU/1985Circulation section6
Central Library, BUET Central Library, BUET 621_200000000000000_KHU_1985 2015-02-09General Book  641362015-02-092015-02-09621.2/KHU/1985Circulation section7
Central Library, BUET Central Library, BUET 621_200000000000000_KHU_1985 2015-02-09General Book  641532015-02-092015-02-09621.2/KHU/1985Circulation section8
Central Library, BUET Central Library, BUET 621_200000000000000_KHU_1985 2015-02-09General Book  641342015-02-092015-02-09621.2/KHU/1985Circulation section9
Central Library, BUET Central Library, BUET 621_200000000000000_KHU_1985 2015-02-09General Book  641502015-02-092015-02-09621.2/KHU/1985Circulation section10
Central Library, BUET Central Library, BUET 621_200000000000000_KHU_1985 2015-02-09General Book  641372015-02-092015-02-09621.2/KHU/1985Circulation section11
Central Library, BUET Central Library, BUET 621_200000000000000_KHU_1985 2015-02-09General Book  641392015-02-092015-02-09621.2/KHU/1985Circulation section12